00918nac a22002291u 4500008004100000010000700041020001500048020001800063082001900081100004100100245006800141250001200209260006500221300003700286504005100323650002200374700002700396856007800423942002300501999001700524952014700541100223s2009 nju|||||r|||| 001 0 eng d a  a0135153107 a978013515310900a658.8bARM222 aArmstrong, Gary 91170810aMarketing :bAn Introduction /cGary Armstrong & Philip Kotler. a9th ed. aUpper Saddle River, N.J. :bPearson Prentice Hall,2009c2009 a644;10 p. :bCol. ill. ;c24 cm. aIncludes bibliographical references and index. 0aMarketing.9117091 aKotler, Philip.911710413Table of contentsuhttp://www.loc.gov/catdir/toc/ecip0519/2005027193.html cBBk658.8 ARM2ddc c13468d13468 00102ddc40708AlahramaMAINbMAINc1STd2010-02-23epurchaseg199.00h300l9m28o658.8 ARMp000019701r2025-07-15 00:00:00s2024-03-18yBB